MARC

LEADER 00000nam0a2200000 4500
001 144719
005 20231031143804.0
010 |a 5203007020 
020 |a RU  |b 90-18855 
035 |a (RuTPU)RU\TPU\book\156841 
090 |a 144719 
100 |a 20081008d1990 m y0rusy5003 ca 
101 0 |a rus 
102 |a RU 
105 |a a z 000ab 
200 1 |a Командарм Лукин  |f В. В. Муратов, Ю. М. Городецкая (Лукина) 
210 |a Москва  |c Воениздат  |d 1990 
215 |a 350,[1] с., [5] л. ил.  |d 21 см 
600 1 |a Лукин  |b Михаил Федорович 
610 1 |a Великая Отечественная война 1941-1945 
610 1 |a советская литература 
610 1 |a исторические повести 
675 |a Р2  |z rus 
700 1 |a Муратов  |b В. В.  |g Виктор Владимирович  |4 070 
701 1 |a Городецкая (Лукина)  |b Ю. М.  |g Юлия Михайловна  |4 070 
801 0 |a RU  |b RuMRKP  |c 19950417  |g psbo 
801 1 |a RU  |b 63413507  |c 20081008  |g PSBO 
801 2 |a RU  |b 63413507  |c 20140225  |g PSBO 
942 |c BK